000 00674nam a2200241Ia 4500
003 OSt
005 20220918173547.0
006 a|||||r|||| 00| 0
007 ta
008 220917b |||||||| |||| 00| 0 eng d
024 _a7,056
037 _cTextual
040 _aARTS
_cARTS
_beng
041 _2eng
_aeng
082 _a2:97, N4 (2D)
100 _aFeather John.
_94687
245 0 _aInformation society
_b A study of continuity and change
260 _aLondon
_bLibrary Association
_c1994
300 _aviii,160p Bibliography
_ccm.
650 _aLIBRARY SCIENCE
942 _h2:97, N4 (2D)
_cTEXL
_2CC
999 _c149007
_d149007